[Event "Elite Hotels Open 2025"]
[Site "Elite Stadshotellet, Växjö, Sweden"]
[Date "2025.02.08"]
[Round "5.4"]
[White "Medhus, Vitus Bondo"]
[Black "Cederstam, Carl"]
[Result "0-1"]
[TimeControl "R1-4: 15 min + 5 sek, R5-8: 90 min + 30 sek"]
[WhiteTitle "FM"]
[BlackTitle "FM"]
[WhiteElo "2261"]
[BlackElo "2264"]

1. e4 {[%clk 01:30:58]} {[%emt 00:00:01]} e5 {[%clk 01:28:57]} {[%emt
00:02:03]} 2. Nf3 {[%clk 01:31:06]} {[%emt 00:00:22]} Nc6 {[%clk 01:29:21]}
{[%emt 00:00:06]} 3. Bb5 {[%clk 01:31:32]} {[%emt 00:00:05]} a6 {[%clk
01:29:23]} {[%emt 00:00:27]} 4. Ba4 {[%clk 01:31:56]} {[%emt 00:00:06]} Nf6
{[%clk 01:29:15]} {[%emt 00:00:38]} 5. O-O {[%clk 01:32:03]} {[%emt 00:00:24]}
Be7 {[%clk 01:29:20]} {[%emt 00:00:23]} 6. Re1 {[%clk 01:32:25]} {[%emt
00:00:09]} b5 {[%clk 01:29:43]} {[%emt 00:00:08]} 7. Bb3 {[%clk 01:32:51]}
{[%emt 00:00:04]} O-O {[%clk 01:28:29]} {[%emt 00:01:43]} 8. h3 {[%clk
01:33:06]} {[%emt 00:00:15]} Bb7 {[%clk 01:28:31]} {[%emt 00:00:28]} 9. d3
{[%clk 01:30:25]} {[%emt 00:03:11]} d6 {[%clk 01:27:41]} {[%emt 00:01:20]} 10.
a3 {[%clk 01:23:06]} {[%emt 00:07:50]} Nd7 {[%clk 01:18:11]} {[%emt 00:10:00]}
11. Nc3 {[%clk 01:15:52]} {[%emt 00:07:44]} Nc5 {[%clk 01:16:35]} {[%emt
00:02:06]} 12. Ba2 {[%clk 01:13:42]} {[%emt 00:02:39]} Qd7 {[%clk 01:06:50]}
{[%emt 00:10:15]} 13. Nd5 {[%clk 01:12:05]} {[%emt 00:02:08]} Bd8 {[%clk
01:04:38]} {[%emt 00:02:41]} 14. Nh2 {[%clk 00:35:23]} {[%emt 00:37:12]} Ne7
{[%clk 00:55:35]} {[%emt 00:09:33]} 15. Ne3 {[%clk 00:35:47]} {[%emt 00:00:07]}
Kh8 {[%clk 00:53:07]} {[%emt 00:02:57]} 16. g4 {[%clk 00:32:38]} {[%emt
00:03:39]} Ng6 {[%clk 00:50:10]} {[%emt 00:03:27]} 17. Ng2 {[%clk 00:29:15]}
{[%emt 00:03:53]} Ne6 {[%clk 00:43:00]} {[%emt 00:07:41]} 18. c3 {[%clk
00:26:43]} {[%emt 00:03:02]} c5 {[%clk 00:37:18]} {[%emt 00:06:11]} 19. Qf3
{[%clk 00:25:35]} {[%emt 00:01:38]} Bg5 {[%clk 00:36:27]} {[%emt 00:01:21]} 20.
Qf5 {[%clk 00:24:33]} {[%emt 00:01:32]} Bxc1 {[%clk 00:36:11]} {[%emt
00:00:46]} 21. Raxc1 {[%clk 00:24:52]} {[%emt 00:00:11]} Qe7 {[%clk 00:36:09]}
{[%emt 00:00:32]} 22. Qf3 {[%clk 00:21:33]} {[%emt 00:03:49]} Nef4 {[%clk
00:34:05]} {[%emt 00:02:33]} 23. Nf1 {[%clk 00:20:13]} {[%emt 00:01:50]} f5
{[%clk 00:30:36]} {[%emt 00:04:00]} 24. Nxf4 {[%clk 00:18:28]} {[%emt
00:02:16]} Nxf4 {[%clk 00:30:58]} {[%emt 00:00:07]} 25. Qg3 {[%clk 00:17:47]}
{[%emt 00:01:11]} fxg4 {[%clk 00:27:22]} {[%emt 00:04:07]} 26. hxg4 {[%clk
00:18:10]} {[%emt 00:00:06]} Qg5 {[%clk 00:25:31]} {[%emt 00:02:20]} 27. Nd2
{[%clk 00:13:47]} {[%emt 00:04:54]} Rf6 {[%clk 00:24:45]} {[%emt 00:01:16]} 28.
Nf3 {[%clk 00:13:34]} {[%emt 00:00:44]} Ne2+ {[%clk 00:24:36]} {[%emt
00:00:39]} 29. Kg2 {[%clk 00:13:58]} {[%emt 00:00:06]} Rxf3 {[%clk 00:20:28]}
{[%emt 00:04:38]} 30. Qxf3 {[%clk 00:13:42]} {[%emt 00:00:46]} Nxc1 {[%clk
00:20:53]} {[%emt 00:00:05]} 31. Be6 {[%clk 00:13:45]} {[%emt 00:00:26]} Qe7
{[%clk 00:20:50]} {[%emt 00:00:33]} 32. Bf5 {[%clk 00:12:59]} {[%emt 00:01:17]}
g6 {[%clk 00:21:08]} {[%emt 00:00:11]} 33. Bxg6 {[%clk 00:12:39]} {[%emt
00:00:51]} hxg6 {[%clk 00:21:29]} {[%emt 00:00:09]} 34. Rh1+ {[%clk 00:10:48]}
{[%emt 00:02:21]} Kg8 {[%clk 00:21:53]} {[%emt 00:00:06]} 35. Qe3 {[%clk
00:09:01]} {[%emt 00:02:17]} Rf8 {[%clk 00:19:25]} {[%emt 00:02:57]} 36. Rh6
{[%clk 00:08:08]} {[%emt 00:01:24]} Rf4 {[%clk 00:19:25]} {[%emt 00:00:29]} 37.
Qh3 {[%clk 00:08:09]} {[%emt 00:00:29]} Qf6 {[%clk 00:18:45]} {[%emt 00:01:09]}
38. f3 {[%clk 00:07:32]} {[%emt 00:01:08]} Nxd3 {[%clk 00:18:50]} {[%emt
00:00:25]} 39. g5 {[%clk 00:07:42]} {[%emt 00:00:21]} Qxg5+ {[%clk 00:19:10]}
{[%emt 00:00:10]} 40. Kh2 {[%clk 00:08:04]} {[%emt 00:00:07]} Qf6 {[%clk
00:18:21]} {[%emt 00:01:19]} 41. Qg3 {[%clk 00:08:32]} {[%emt 00:00:02]} Kg7
{[%clk 00:18:38]} {[%emt 00:00:13]} 42. Qh3 {[%clk 00:08:42]} {[%emt 00:00:21]}
Rxf3 {[%clk 00:16:49]} {[%emt 00:02:19]} 43. Rh7+ {[%clk 00:08:30]} {[%emt
00:00:41]} Kg8 {[%clk 00:17:16]} {[%emt 00:00:03]} 44. Qd7 {[%clk 00:08:31]}
{[%emt 00:00:29]} Rf2+ {[%clk 00:17:36]} {[%emt 00:00:10]} 45. Kh3 {[%clk
00:08:39]} {[%emt 00:00:23]} Qf3+ {[%clk 00:17:18]} {[%emt 00:00:47]} 46. Kh4
{[%clk 00:09:01]} {[%emt 00:00:08]} Qf4+ {[%clk 00:17:36]} {[%emt 00:00:12]} 47.
Kh3 {[%clk 00:09:23]} {[%emt 00:00:09]} Rh2# {[%clk 00:17:58]} {[%emt
00:00:07]} 0-1

[Event "Elite Hotels Open 2025"]
[Site "Elite Stadshotellet, Växjö, Sweden"]
[Date "2025.02.08"]
[Round "5.5"]
[White "Frank, Anton"]
[Black "Gdanski, Jacek"]
[Result "0-1"]
[TimeControl "R1-4: 15 min + 5 sek, R5-8: 90 min + 30 sek"]
[WhiteTitle "CM"]
[BlackTitle "GM"]
[WhiteElo "2160"]
[BlackElo "2483"]

1. e4 {[%clk 01:30:37]} {[%emt 00:00:22]} e6 {[%clk 01:30:59]} {[%emt
00:00:02]} 2. d4 {[%clk 01:30:57]} {[%emt 00:00:10]} d5 {[%clk 01:31:27]}
{[%emt 00:00:02]} 3. e5 {[%clk 01:31:18]} {[%emt 00:00:09]} c5 {[%clk
01:31:51]} {[%emt 00:00:05]} 4. c3 {[%clk 01:31:43]} {[%emt 00:00:05]} Qb6
{[%clk 01:31:52]} {[%emt 00:00:29]} 5. Nf3 {[%clk 01:31:26]} {[%emt 00:00:47]}
Bd7 {[%clk 01:32:18]} {[%emt 00:00:05]} 6. Be2 {[%clk 01:30:27]} {[%emt
00:01:28]} Nc6 {[%clk 01:27:39]} {[%emt 00:05:10]} 7. O-O {[%clk 01:24:26]}
{[%emt 00:06:30]} Nh6 {[%clk 01:27:50]} {[%emt 00:00:19]} 8. Na3 {[%clk
01:05:37]} {[%emt 00:19:19]} cxd4 {[%clk 01:20:52]} {[%emt 00:07:29]} 9. cxd4
{[%clk 01:05:51]} {[%emt 00:00:16]} Rc8 {[%clk 01:12:21]} {[%emt 00:09:01]} 10.
Nc2 {[%clk 01:03:51]} {[%emt 00:02:29]} Nf5 {[%clk 01:04:44]} {[%emt 00:08:08]}
11. Kh1 {[%clk 01:04:14]} {[%emt 00:00:07]} a5 {[%clk 00:58:28]} {[%emt
00:06:46]} 12. Bd3 {[%clk 01:03:40]} {[%emt 00:01:03]} Nfxd4 {[%clk 00:50:19]}
{[%emt 00:08:39]} 13. Nfxd4 {[%clk 01:03:52]} {[%emt 00:00:18]} Nxd4 {[%clk
00:50:42]} {[%emt 00:00:07]} 14. Be3 {[%clk 01:04:14]} {[%emt 00:00:08]} Bc5
{[%clk 00:50:23]} {[%emt 00:00:48]} 15. Nxd4 {[%clk 01:04:37]} {[%emt
00:00:08]} Bxd4 {[%clk 00:50:38]} {[%emt 00:00:15]} 16. Qg4 {[%clk 01:04:58]}
{[%emt 00:00:09]} Bxe3 {[%clk 00:49:33]} {[%emt 00:01:37]} 17. Qxg7 {[%clk
01:05:16]} {[%emt 00:00:11]} Rf8 {[%clk 00:49:54]} {[%emt 00:00:08]} 18. fxe3
{[%clk 01:05:34]} {[%emt 00:00:12]} Qxe3 {[%clk 00:47:03]} {[%emt 00:03:22]} 19.
Rad1 {[%clk 01:05:57]} {[%emt 00:00:06]} Ba4 {[%clk 00:35:37]} {[%emt
00:11:56]} 20. b3 {[%clk 00:58:15]} {[%emt 00:08:12]} Rc3 {[%clk 00:36:03]}
{[%emt 00:00:04]} 21. Qxh7 {[%clk 00:30:39]} {[%emt 00:28:07]} Bd7 {[%clk
00:18:55]} {[%emt 00:17:38]} 22. Bg6 {[%clk 00:22:38]} {[%emt 00:08:31]} Qxe5
{[%clk 00:18:25]} {[%emt 00:01:00]} 23. Rde1 {[%clk 00:11:06]} {[%emt
00:12:02]} Re3 {[%emt 00:12:45]} 24. Bxf7+ {[%clk 00:07:50]} {[%emt 00:03:44]}
Kd8 {[%clk 00:06:18]} {[%emt 00:00:24]} 25. Qh4+ {[%clk 00:03:59]} {[%emt
00:04:21]} Kc7 {[%clk 00:06:31]} {[%emt 00:00:17]} 26. Rc1+ {[%clk 00:01:07]}
{[%emt 00:03:22]} Kb8 {[%clk 00:05:21]} {[%emt 00:01:40]} 27. Qe7 {[%clk
00:00:43]} {[%emt 00:00:54]} Rh8 {[%clk 00:05:23]} {[%emt 00:00:28]} 28. Bh5
{[%clk 00:00:39]} {[%emt 00:00:33]} Bc8 {[%clk 00:03:09]} {[%emt 00:02:46]} 29.
Qc5 {[%clk 00:00:38]} {[%emt 00:00:31]} Rxh5 {[%clk 00:00:50]} {[%emt
00:02:49]} 30. Qxc8+ {[%clk 00:00:42]} {[%emt 00:00:25]} Ka7 {[%clk 00:01:19]}
31. Qc5+ {[%clk 00:00:51]} {[%emt 00:00:22]} Ka6 {[%clk 00:01:45]} {[%emt
00:00:04]} 32. g3 {[%clk 00:00:40]} {[%emt 00:00:41]} Rxh2+ {[%clk 00:01:39]}
{[%emt 00:00:36]} 33. Kxh2 {[%clk 00:01:03]} {[%emt 00:00:07]} Qxg3+ {[%clk
00:02:06]} {[%emt 00:00:03]} 34. Kh1 {[%clk 00:01:26]} {[%emt 00:00:07]} Qh4+
{[%clk 00:01:49]} {[%emt 00:00:46]} 35. Kg2 {[%clk 00:01:02]} {[%emt 00:00:55]}
Qg4+ {[%clk 00:02:02]} {[%emt 00:00:17]} 0-1

[Event "Elite Hotels Open 2025"]
[Site "Elite Stadshotellet, Växjö, Sweden"]
[Date "2025.02.08"]
[Round "5.6"]
[White "Muntean, Victor"]
[Black "Perets, Dmytro"]
[Result "1/2-1/2"]
[TimeControl "R1-4: 15 min + 5 sek, R5-8: 90 min + 30 sek"]
[WhiteElo "2165"]
[BlackElo "2059"]

1. e4 {[%clk 01:30:58]} {[%emt 00:00:02]} c5 {[%clk 01:30:59]} {[%emt
00:00:02]} 2. Bc4 {[%clk 01:31:12]} {[%emt 00:00:16]} Nc6 {[%clk 01:28:00]}
{[%emt 00:03:29]} 3. Nf3 {[%clk 01:31:30]} {[%emt 00:00:11]} g6 {[%clk
01:28:11]} {[%emt 00:00:20]} 4. c3 {[%clk 01:30:39]} {[%emt 00:01:21]} Bg7
{[%clk 01:27:47]} {[%emt 00:00:53]} 5. d4 {[%clk 01:30:21]} {[%emt 00:00:48]}
cxd4 {[%clk 01:24:35]} {[%emt 00:03:43]} 6. cxd4 {[%clk 01:29:52]} {[%emt
00:00:58]} d6 {[%clk 01:15:28]} {[%emt 00:09:38]} 7. O-O {[%clk 01:22:31]}
{[%emt 00:07:49]} Nf6 {[%clk 01:14:40]} {[%emt 00:01:19]} 8. d5 {[%clk
01:19:07]} {[%emt 00:03:55]} Nb8 {[%clk 01:14:38]} {[%emt 00:00:32]} 9. Nc3
{[%clk 01:17:44]} {[%emt 00:01:52]} O-O {[%clk 01:13:10]} {[%emt 00:01:59]} 10.
Be3 {[%clk 01:14:00]} {[%emt 00:04:13]} Qa5 {[%clk 01:02:41]} {[%emt 00:10:59]}
11. Rc1 {[%clk 01:07:35]} {[%emt 00:06:56]} b5 {[%clk 00:53:18]} {[%emt
00:09:53]} 12. Nxb5 {[%clk 01:05:00]} {[%emt 00:03:05]} Nxe4 {[%clk 00:49:50]}
{[%emt 00:03:58]} 13. b4 {[%clk 01:05:07]} {[%emt 00:00:24]} Qxb4 {[%clk
00:43:37]} {[%emt 00:06:43]} 14. Nc7 {[%clk 01:04:22]} {[%emt 00:01:13]} Nc3
{[%clk 00:35:57]} {[%emt 00:08:10]} 15. Qb3 {[%clk 01:03:34]} {[%emt 00:01:18]}
Qxb3 {[%clk 00:36:01]} {[%emt 00:00:27]} 16. axb3 {[%clk 01:04:01]} {[%emt
00:00:02]} Bb7 {[%clk 00:36:16]} {[%emt 00:00:16]} 17. Bd4 {[%clk 01:01:10]}
{[%emt 00:03:21]} Ne4 {[%clk 00:34:59]} {[%emt 00:01:47]} 18. Nxa8 {[%clk
01:00:26]} {[%emt 00:01:14]} Bxa8 {[%clk 00:35:27]} {[%emt 00:00:02]} 19. Bxa7
{[%clk 01:00:29]} {[%emt 00:00:26]} Nc3 {[%clk 00:35:17]} {[%emt 00:00:41]} 20.
Bd4 {[%clk 00:55:03]} {[%emt 00:05:57]} Nxd5 {[%clk 00:34:51]} {[%emt
00:00:55]} 21. Ra1 {[%clk 00:52:30]} {[%emt 00:03:03]} Bc6 {[%clk 00:34:16]}
{[%emt 00:01:05]} 22. Bxg7 {[%clk 00:50:10]} {[%emt 00:02:50]} Kxg7 {[%clk
00:34:42]} {[%emt 00:00:04]} 23. Nd4 {[%clk 00:50:27]} {[%emt 00:00:12]} Nb6
{[%clk 00:33:42]} {[%emt 00:01:31]} 24. Rfc1 {[%clk 00:46:56]} {[%emt
00:04:01]} Nxc4 {[%clk 00:31:04]} {[%emt 00:03:07]} 25. Rxc4 {[%clk 00:45:09]}
{[%emt 00:02:18]} Bd5 {[%clk 00:30:51]} {[%emt 00:00:43]} 26. Rc7 {[%clk
00:44:27]} {[%emt 00:01:12]} e5 {[%clk 00:28:18]} {[%emt 00:03:03]} 27. Ra5
{[%clk 00:44:43]} {[%emt 00:00:13]} Na6 {[%clk 00:27:07]} {[%emt 00:01:42]} 28.
Rxa6 {[%clk 00:36:15]} {[%emt 00:08:58]} exd4 {[%clk 00:27:29]} {[%emt
00:00:07]} 29. Rxd6 {[%clk 00:36:40]} {[%emt 00:00:05]} Re8 {[%clk 00:26:38]}
{[%emt 00:01:22]} 30. h3 {[%clk 00:36:32]} {[%emt 00:00:37]} Re1+ {[%clk
00:26:52]} {[%emt 00:00:16]} 31. Kh2 {[%clk 00:37:01]} {[%emt 00:00:02]} Bxb3
{[%clk 00:27:08]} {[%emt 00:00:14]} 32. Rxd4 {[%clk 00:37:23]} {[%emt
00:00:07]} Re2 {[%clk 00:26:35]} {[%emt 00:01:03]} 33. Kg3 {[%clk 00:37:10]}
{[%emt 00:00:44]} Be6 {[%clk 00:25:22]} {[%emt 00:01:42]} 34. Rd3 {[%clk
00:36:35]} {[%emt 00:01:05]} Rb2 {[%clk 00:25:08]} {[%emt 00:00:44]} 35. Re3
{[%clk 00:34:44]} {[%emt 00:02:22]} Rb6 {[%clk 00:24:58]} {[%emt 00:00:40]} 36.
Kh2 {[%clk 00:33:04]} {[%emt 00:02:09]} h5 {[%clk 00:25:00]} {[%emt 00:00:28]}
37. f3 {[%clk 00:30:06]} {[%emt 00:03:28]} Kf6 {[%clk 00:19:42]} {[%emt
00:05:48]} 38. Rc2 {[%clk 00:27:24]} {[%emt 00:03:12]} Kg5 {[%clk 00:18:08]}
{[%emt 00:02:04]} 39. Rf2 {[%clk 00:24:08]} {[%emt 00:03:46]} Kf4 {[%clk
00:16:58]} {[%emt 00:01:41]} 40. Re4+ {[%clk 00:24:24]} {[%emt 00:00:13]} Kf5
{[%clk 00:16:53]} {[%emt 00:00:35]} 41. Ra4 {[%clk 00:24:37]} {[%emt 00:00:16]}
Rb5 {[%clk 00:16:16]} {[%emt 00:01:09]} 42. g4+ {[%clk 00:21:06]} {[%emt
00:04:01]} Kf6 {[%clk 00:12:48]} {[%emt 00:03:59]} 43. Kg3 {[%clk 00:21:00]}
{[%emt 00:00:34]} Rc5 {[%clk 00:11:35]} {[%emt 00:01:44]} 44. Rb4 {[%clk
00:18:32]} {[%emt 00:02:58]} Ra5 {[%clk 00:11:39]} {[%emt 00:00:25]} 45. Rf4+
{[%clk 00:16:31]} {[%emt 00:02:31]} Kg7 {[%clk 00:11:44]} {[%emt 00:00:26]} 46.
Rd4 {[%clk 00:15:45]} {[%emt 00:01:16]} Rb5 {[%clk 00:12:00]} {[%emt 00:00:13]}
47. h4 {[%clk 00:15:33]} {[%emt 00:00:42]} Kf6 {[%clk 00:07:20]} {[%emt
00:05:11]} 48. Rc2 {[%clk 00:13:31]} {[%emt 00:02:31]} hxg4 {[%clk 00:04:06]}
{[%emt 00:03:44]} 49. fxg4 {[%clk 00:12:41]} {[%emt 00:01:20]} Rb3+ {[%clk
00:04:35]} 50. Kf4 {[%clk 00:12:29]} {[%emt 00:00:42]} Rh3 {[%clk 00:04:15]}
{[%emt 00:00:51]} 51. g5+ {[%clk 00:12:43]} {[%emt 00:00:16]} Kg7 {[%clk
00:03:30]} {[%emt 00:01:15]} 52. Ke5 {[%clk 00:13:01]} {[%emt 00:00:11]} Re3+
{[%clk 00:03:54]} {[%emt 00:00:07]} 53. Kd6 {[%clk 00:13:22]} {[%emt 00:00:08]}
Bf5 {[%clk 00:03:54]} {[%emt 00:00:30]} 54. Rb2 {[%clk 00:12:51]} {[%emt
00:01:01]} Re8 {[%clk 00:03:15]} {[%emt 00:01:09]} 55. Rb7 {[%clk 00:11:29]}
{[%emt 00:01:52]} Rd8+ {[%clk 00:03:02]} {[%emt 00:00:43]} 56. Ke5 {[%clk
00:11:47]} {[%emt 00:00:13]} Rxd4 {[%clk 00:02:15]} {[%emt 00:01:18]} 57. Kxd4
{[%clk 00:12:09]} {[%emt 00:00:07]} Be6 {[%clk 00:02:43]} 58. Ke5 {[%clk
00:11:40]} {[%emt 00:00:58]} Bc4 {[%clk 00:02:39]} {[%emt 00:00:35]} 59. Rb6
{[%clk 00:10:36]} {[%emt 00:01:34]} Bd3 {[%clk 00:02:33]} {[%emt 00:00:36]} 60.
Rd6 {[%clk 00:10:50]} {[%emt 00:00:16]} Bc4 {[%clk 00:02:57]} {[%emt 00:00:06]}
61. Rd7 {[%clk 00:10:17]} {[%emt 00:01:03]} Be6 {[%clk 00:03:21]} {[%emt
00:00:06]} 62. Rc7 {[%clk 00:10:39]} {[%emt 00:00:08]} Ba2 {[%clk 00:03:40]}
{[%emt 00:00:11]} 63. Kf4 {[%clk 00:09:45]} {[%emt 00:01:23]} Be6 {[%clk
00:03:44]} {[%emt 00:00:28]} 64. Rc2 {[%clk 00:08:54]} {[%emt 00:01:21]} Bb3
{[%clk 00:04:04]} {[%emt 00:00:10]} 65. Rd2 {[%clk 00:09:06]} {[%emt 00:00:17]}
Ba4 {[%clk 00:04:17]} {[%emt 00:00:16]} 66. Kg4 {[%clk 00:09:23]} {[%emt
00:00:14]} Bc6 {[%clk 00:04:23]} {[%emt 00:00:25]} 67. h5 {[%clk 00:09:35]}
{[%emt 00:00:18]} gxh5+ {[%clk 00:04:46]} {[%emt 00:00:07]} 68. Kxh5 {[%clk
00:10:03]} {[%emt 00:00:02]} Bf3+ {[%clk 00:05:09]} {[%emt 00:00:07]} 69. Kh4
{[%clk 00:10:19]} {[%emt 00:00:14]} Be4 {[%clk 00:05:38]} 70. Rd4 {[%emt
00:00:08]} 1/2-1/2